Architektonický atlas Bratislavy : roky 1990-2020. Centrum /
Enregistré dans:
| Auteur principal: | |
|---|---|
| Format: | Livre |
| Langue: | slovaque |
| Publié: |
Bratislava :
Peter Žalman,
2022
|
| Édition: | 1. vydanie |
| Sujets: | |
| Tags: |
Pas de tags, Soyez le premier à ajouter un tag!
|
MARC
| LEADER | 00000nam a22000003a 4500 | ||
|---|---|---|---|
| 001 | 0108908 | ||
| 003 | SK-STU | ||
| 005 | 20240403142641.2 | ||
| 007 | ta | ||
| 008 | 240403s ----xo-----e------000-0-----d | ||
| 020 | |a 978-80-570-3502-2 | ||
| 040 | |a STU |b slo | ||
| 041 | 0 | |a slo | |
| 044 | |a xo | ||
| 100 | 1 | |a Žalman, Peter, |d 1953- |4 aut |X 339 |7 A000000339 | |
| 245 | 1 | 0 | |a Architektonický atlas Bratislavy : |b roky 1990-2020. Centrum / |c aut. Peter Žalman |
| 250 | |a 1. vydanie | ||
| 260 | |a Bratislava : |b Peter Žalman, |c 2022 | ||
| 650 | 0 | 7 | |a slovenská architektúra 20. storočia |
| 650 | 0 | 7 | |a rekonštrukcia |
| 650 | 0 | 7 | |a Bratislava - Staré Mesto |
| 650 | 0 | 7 | |a architekti |
| 650 | 0 | 7 | |a historické budovy |
| 650 | 0 | 7 | |a novostavby |
| 650 | 0 | 7 | |a obytné budovy |
| 650 | 0 | 7 | |a občianske budovy |
| 996 | |b 284AU09974 |c A* 13342/U |l AAKNST |s P |a 0 |w 0108908_0001 | ||
| 996 | |b 284AU09975 |c A* 13343/U |l AAKNAR |s A |a 24 |w 0108908_0002 | ||